000 00408cam a2200169ua 4500
020 _cRs.3/-
041 _ahin
_h
082 _a891.54
_bKRI/GA
100 _aKrishna chandra, .
245 _aGarjan ki Shan /
_cKrishna Chandra.
_hTextual Documents
260 _a :
_bRajapal yada sangei ,
_c1972.
300 _a162 ; .
365 _aRs.3/-
504 _a
942 _cBK
999 _c12068
_d12068